[Event "MESRRK"]
[Site "?"]
[Date "2018.05.26"]
[Round "6.22"]
[White "Svadlenka, Dominik"]
[Black "Hudak, Michal"]
[Result "1-0"]
[BlackElo "1056"]
[WhiteElo "1322"]
[LiveChessVersion "1.4.8"]

1. d4 {[%clk 0:20:17]} f5 {[%clk 0:20:17]} 2. c4 {[%clk 0:20:24]} Nf6
{[%clk 0:20:24]} 3. Nc3 {[%clk 0:20:28]} e6 {[%clk 0:20:30]} 4. Bg5
{[%clk 0:20:30]} Be7 {[%clk 0:20:38]} 5. Nf3 {[%clk 0:20:37]} d6 {[%clk 0:20:39]}
6. e3 {[%clk 0:20:41]} Nbd7 {[%clk 0:20:45]} 7. Bd3 {[%clk 0:20:46]} b6
{[%clk 0:20:48]} 8. O-O {[%clk 0:20:50]} Bb7 {[%clk 0:20:57]} 9. Rc1
{[%clk 0:20:43]} O-O {[%clk 0:21:03]} 10. Re1 {[%clk 0:20:11]} Qe8
{[%clk 0:20:54]} 11. Nb5 {[%clk 0:20:01]} Bd8 {[%clk 0:20:42]} 12. Be2
{[%clk 0:19:42]} a6 {[%clk 0:20:42]} 13. Nc3 {[%clk 0:19:48]} Qg6
{[%clk 0:20:41]} 14. Bh4 {[%clk 0:19:32]} Be7 {[%clk 0:19:43]} 15. Qb3
{[%clk 0:19:22]} Qh6 {[%clk 0:18:32]} 16. Bg3 {[%clk 0:19:17]} Ng4
{[%clk 0:18:24]} 17. d5 {[%clk 0:18:54]} exd5 {[%clk 0:16:52]} 18. Nxd5
{[%clk 0:18:59]} Bxd5 {[%clk 0:15:51]} 19. cxd5 {[%clk 0:19:03]} Nc5
{[%clk 0:15:55]} 20. Qc3 {[%clk 0:17:48]} Bf6 {[%clk 0:15:55]} 21. Qc2
{[%clk 0:17:30]} Rae8 {[%clk 0:15:11]} 22. Bf4 {[%clk 0:16:59]} Qh5
{[%clk 0:14:48]} 23. h3 {[%clk 0:16:52]} Nh6 {[%clk 0:14:26]} 24. Ne5
{[%clk 0:15:13]} Qh4 {[%clk 0:13:38]} 25. Nf3 {[%clk 0:14:46]} Qh5
{[%clk 0:12:44]} 26. b4 {[%clk 0:14:51]} Ne4 {[%clk 0:12:31]} 27. Qxc7
{[%clk 0:14:07]} Bd8 {[%clk 0:12:13]} 28. Qc2 {[%clk 0:13:36]} Rf7
{[%clk 0:11:39]} 29. Bxa6 {[%clk 0:12:00]} Rc7 {[%clk 0:11:30]} 30. Qa4
{[%clk 0:10:32]} Ra7 {[%clk 0:11:23]} 31. Qb5 {[%clk 0:09:38]} Ra8
{[%clk 0:11:06]} 32. Rc8 {[%clk 0:08:59]} Rxc8 {[%clk 0:10:42]} 33. Bxc8 Bh4
{[%clk 0:10:14]} 34. Nxh4 {[%clk 0:08:57]} Rxc8 {[%clk 0:10:14]} 35. Nf3
{[%clk 0:08:25]} Nf7 {[%clk 0:08:47]} 36. Qxb6 {[%clk 0:07:26]} Qg6
{[%clk 0:08:12]} 37. Qb7 {[%clk 0:07:03]} Re8 {[%clk 0:07:43]} 38. Qc6
{[%clk 0:06:51]} Nd8 {[%clk 0:07:31]} 39. Qd7 {[%clk 0:06:40]} Qf7
{[%clk 0:06:34]} 40. Qxf7+ {[%clk 0:06:40]} Kxf7 {[%clk 0:06:41]} 41. Ng5+
{[%clk 0:06:47]} Kg6 {[%clk 0:06:29]} 42. Nxe4 {[%clk 0:06:52]} Rxe4
{[%clk 0:06:36]} 43. Bxd6 {[%clk 0:06:57]} Nb7 {[%clk 0:06:33]} 44. Bc5
{[%clk 0:06:55]} Re5 {[%clk 0:06:27]} 45. Rd1 {[%clk 0:07:01]} Kf7
{[%clk 0:06:21]} 46. Kf1 {[%clk 0:07:09]} Ke8 {[%clk 0:06:29]} 47. Ke2
{[%clk 0:07:17]} Kd7 {[%clk 0:06:37]} 48. Kf3 {[%clk 0:07:21]} g5
{[%clk 0:06:43]} 49. g4 {[%clk 0:07:15]} fxg4+ {[%clk 0:06:34]} 50. Kxg4
{[%clk 0:07:24]} Re7 {[%clk 0:05:51]} 51. Bxe7 {[%clk 0:07:31]} Kxe7
{[%clk 0:05:59]} 52. Kxg5 {[%clk 0:07:40]} Kd6 {[%clk 0:06:07]} 53. e4
{[%clk 0:07:43]} Ke5 {[%clk 0:06:14]} 54. f3 {[%clk 0:07:52]} Nd6
{[%clk 0:06:20]} 55. a4 {[%clk 0:07:57]} Nc4 {[%clk 0:06:24]} 56. a5
{[%clk 0:08:06]} Nd6 {[%clk 0:06:31]} 57. a6 {[%clk 0:08:12]} Nb5
{[%clk 0:06:40]} 58. Re1 {[%clk 0:08:06]} Kd4 {[%clk 0:06:30]} 59. d6
{[%clk 0:08:12]} Nxd6 {[%clk 0:06:38]} 60. a7 {[%clk 0:08:21]} Nf7+
{[%clk 0:06:37]} 61. Kf6 Nd6 {[%clk 0:06:42]} 62. a8=Q {[%clk 0:08:33]} Kc4
{[%clk 0:06:44]} 63. Qd5+ {[%clk 0:08:40]} Kxb4 {[%clk 0:06:47]} 64. Qxd6+
{[%clk 0:08:48]} Kc3 {[%clk 0:06:56]} 65. Rc1+ {[%clk 0:08:57]} Kb2
{[%clk 0:07:05]} 66. Qc5 {[%clk 0:09:04]} Kb3 {[%clk 0:07:14]} 67. Rb1+
{[%clk 0:09:07]} Ka2 {[%clk 0:07:19]} 68. Qb5 {[%clk 0:09:14]} Ka3
{[%clk 0:07:27]} 69. Qb3# 1-0

[Event "MESRRK"]
[Site "?"]
[Date "2018.05.26"]
[Round "6.23"]
[White "Meszaros, Casey Ryan"]
[Black "Strapec, Lukas"]
[Result "1-0"]
[BlackElo "1289"]
[WhiteElo "1191"]
[LiveChessVersion "1.4.8"]

1. e4 {[%clk 0:20:17]} c5 {[%clk 0:20:17]} 2. Nf3 {[%clk 0:20:25]} d6
{[%clk 0:20:23]} 3. Bc4 {[%clk 0:20:30]} e6 {[%clk 0:20:24]} 4. O-O
{[%clk 0:20:30]} Nf6 {[%clk 0:20:25]} 5. d3 {[%clk 0:20:35]} g6 {[%clk 0:20:28]}
6. Nc3 {[%clk 0:20:28]} Bg7 {[%clk 0:20:26]} 7. Be3 {[%clk 0:20:12]} O-O
{[%clk 0:20:12]} 8. Qe2 {[%clk 0:20:14]} b6 {[%clk 0:19:27]} 9. Rfe1
{[%clk 0:19:30]} d5 {[%clk 0:19:30]} 10. exd5 {[%clk 0:18:52]} exd5
{[%clk 0:19:34]} 11. Bb3 {[%clk 0:17:58]} d4 {[%clk 0:19:26]} 12. Bxd4
{[%clk 0:17:58]} cxd4 {[%clk 0:19:30]} 13. Nb5 {[%clk 0:17:53]} Re8
{[%clk 0:19:04]} 14. Qf1 {[%clk 0:17:17]} Nc6 {[%clk 0:17:49]} 15. Re2
{[%clk 0:17:01]} a6 {[%clk 0:17:12]} 16. Na3 {[%clk 0:16:52]} Bb7
{[%clk 0:16:37]} 17. Ng5 {[%clk 0:16:41]} Rf8 {[%clk 0:15:09]} 18. Rae1
{[%clk 0:15:55]} h6 {[%clk 0:14:44]} 19. Nxf7 {[%clk 0:15:35]} Rxf7
{[%clk 0:14:46]} 20. Bxf7+ {[%clk 0:15:34]} Kxf7 {[%clk 0:14:47]} 21. Nc4
{[%clk 0:15:21]} b5 {[%clk 0:14:19]} 22. Ne5+ {[%clk 0:15:13]} Nxe5
{[%clk 0:14:02]} 23. Rxe5 {[%clk 0:15:07]} Kg8 {[%clk 0:13:00]} 24. Re7
{[%clk 0:14:37]} Bd5 {[%clk 0:12:29]} 25. Qe2 {[%clk 0:13:46]} Bc6
{[%clk 0:12:07]} 26. Qe6+ {[%clk 0:13:36]} Kh8 {[%clk 0:10:57]} 27. Qxc6
{[%clk 0:13:31]} Rc8 {[%clk 0:10:12]} 28. Qxa6 {[%clk 0:13:22]} Rxc2
{[%clk 0:09:14]} 29. h3 {[%clk 0:12:22]} Nd5 {[%clk 0:07:51]} 30. Re8+
{[%clk 0:12:22]} Qxe8 {[%clk 0:06:25]} 31. Rxe8+ {[%clk 0:12:28]} Kh7
{[%clk 0:06:30]} 32. Qa3 {[%clk 0:10:47]} b4 {[%clk 0:05:30]} 33. Qb3
{[%clk 0:10:43]} Rc1+ {[%clk 0:05:17]} 34. Kh2 {[%clk 0:10:44]} Nf6
{[%clk 0:05:20]} 35. Ra8 {[%clk 0:10:01]} Ng4+ {[%clk 0:03:46]} 36. hxg4
{[%clk 0:09:31]} Be5+ {[%clk 0:03:54]} 37. g3 {[%clk 0:09:36]} 1-0

[Event "MESRRK"]
[Site "?"]
[Date "2018.05.26"]
[Round "6.26"]
[White "Buchtova, Viktorie"]
[Black "Gobl, Fabian"]
[Result "1-0"]
[BlackElo "1097"]
[WhiteElo "1015"]
[LiveChessVersion "1.4.8"]

1. e4 {[%clk 0:20:18]} e5 {[%clk 0:20:19]} 2. Nf3 {[%clk 0:20:26]} Nf6
{[%clk 0:20:27]} 3. Nc3 {[%clk 0:20:32]} Nc6 {[%clk 0:20:35]} 4. d4
{[%clk 0:20:40]} Bd6 {[%clk 0:20:30]} 5. Bg5 {[%clk 0:20:31]} h6 {[%clk 0:20:27]}
6. Bh4 {[%clk 0:20:36]} g5 {[%clk 0:20:33]} 7. Bg3 {[%clk 0:20:43]} g4
{[%clk 0:20:40]} 8. Nxe5 {[%clk 0:20:42]} Nh5 {[%clk 0:19:37]} 9. Qxg4
{[%clk 0:20:20]} Nxg3 {[%clk 0:19:36]} 10. Qxg3 {[%clk 0:20:17]} Nxd4
{[%clk 0:19:38]} 11. O-O-O {[%clk 0:20:04]} f6 {[%clk 0:19:42]} 12. Qg6+
{[%clk 0:19:56]} Ke7 {[%clk 0:19:27]} 13. Qf7# {[%clk 0:20:03]} 1-0

[Event "MESRRK"]
[Site "?"]
[Date "2018.05.26"]
[Round "6.28"]
[White "Dolnik, Michal"]
[Black "Boba, Kristian"]
[Result "1-0"]
[BlackElo "1029"]
[WhiteElo "1036"]
[LiveChessVersion "1.4.8"]

1. e4 {[%clk 0:20:17]} e5 {[%clk 0:20:18]} 2. Bc4 {[%clk 0:20:14]} Nf6
{[%clk 0:20:24]} 3. d3 {[%clk 0:20:22]} Nc6 {[%clk 0:20:32]} 4. c3
{[%clk 0:20:30]} Be7 {[%clk 0:20:34]} 5. Nf3 {[%clk 0:20:33]} b6 {[%clk 0:20:39]}
6. Bb3 {[%clk 0:20:33]} Bb7 {[%clk 0:20:45]} 7. Bc2 {[%clk 0:20:33]} a5
{[%clk 0:20:48]} 8. O-O {[%clk 0:20:34]} O-O {[%clk 0:20:54]} 9. d4
{[%clk 0:20:41]} exd4 {[%clk 0:20:56]} 10. cxd4 {[%clk 0:20:46]} Ba6
{[%clk 0:21:03]} 11. Re1 {[%clk 0:20:52]} Bb4 {[%clk 0:20:59]} 12. Bd2
{[%clk 0:20:50]} Bxd2 {[%clk 0:21:06]} 13. Nbxd2 {[%clk 0:20:50]} d5
{[%clk 0:21:06]} 14. e5 {[%clk 0:20:55]} Nd7 {[%clk 0:20:52]} 15. Nf1
{[%clk 0:20:32]} Re8 {[%clk 0:20:44]} 16. Ng3 {[%clk 0:20:20]} h6
{[%clk 0:20:33]} 17. Nf5 {[%clk 0:19:59]} Re6 {[%clk 0:20:27]} 18. Qd2
{[%clk 0:19:49]} b5 {[%clk 0:20:22]} 19. Qd3 {[%clk 0:19:25]} Nb4
{[%clk 0:19:08]} 20. Qd2 {[%clk 0:18:39]} Nxc2 {[%clk 0:19:05]} 21. Qxc2
{[%clk 0:18:45]} Kf8 {[%clk 0:19:00]} 22. Rac1 {[%clk 0:17:01]} Rc8
{[%clk 0:18:59]} 23. Nd2 {[%clk 0:16:00]} Nb6 {[%clk 0:18:41]} 24. Qc5+
{[%clk 0:14:58]} Kg8 {[%clk 0:18:25]} 25. Nb3 {[%clk 0:13:48]} a4
{[%clk 0:18:30]} 26. Na5 {[%clk 0:13:43]} Qd7 {[%clk 0:17:36]} 27. Nc6
{[%clk 0:13:03]} Rxc6 {[%clk 0:17:34]} 28. Ne7+ {[%clk 0:12:54]} Kh8
{[%clk 0:17:31]} 29. Nxc6 {[%clk 0:12:56]} Nc4 {[%clk 0:16:33]} 30. b3
{[%clk 0:12:05]} Nd2 {[%clk 0:16:18]} 31. Qa7 {[%clk 0:11:54]} Qe8
{[%clk 0:15:29]} 32. Qxa6 {[%clk 0:11:52]} Ra8 {[%clk 0:15:35]} 33. Qxb5
{[%clk 0:11:39]} axb3 {[%clk 0:15:35]} 34. axb3 {[%clk 0:11:22]} Ra2
{[%clk 0:14:47]} 35. Na7 {[%clk 0:10:23]} Qxb5 {[%clk 0:14:30]} 36. Nxb5
{[%clk 0:10:10]} Ne4 {[%clk 0:14:32]} 37. Nc3 {[%clk 0:09:39]} Nxf2 38. Nxa2
{[%clk 0:09:38]} Nd3 {[%clk 0:14:23]} 39. h4 {[%clk 0:09:18]} Kh7
{[%clk 0:14:26]} 40. Rcd1 {[%clk 0:09:14]} Nxe1 {[%clk 0:14:32]} 41. Rxe1
{[%clk 0:09:19]} g6 {[%clk 0:14:39]} 42. Rc1 {[%clk 0:09:22]} h5 {[%clk 0:14:45]}
43. Rxc7 {[%clk 0:09:26]} Kg7 {[%clk 0:14:52]} 44. b4 {[%clk 0:09:34]} Kg8
{[%clk 0:14:51]} 45. b5 {[%clk 0:09:35]} Kh7 {[%clk 0:14:57]} 46. b6
{[%clk 0:09:39]} Kh6 {[%clk 0:15:04]} 47. Rxf7 {[%clk 0:09:36]} g5
{[%clk 0:15:11]} 48. hxg5+ {[%clk 0:09:41]} Kxg5 {[%clk 0:15:13]} 49. b7
{[%clk 0:11:37]} h4 {[%clk 0:15:20]} 50. b8=Q {[%clk 0:11:41]} h3
{[%clk 0:15:26]} 51. Qg8+ {[%clk 0:11:46]} Kh4 {[%clk 0:15:25]} 52. Rh7# 1-0